| 000 | 00993nam a22002897a 4500 | ||
|---|---|---|---|
| 001 | 10137 | ||
| 003 | FISKH | ||
| 005 | 20260428083917.0 | ||
| 008 | 260424b cb ||||| |||| 00| 0 eng d | ||
| 020 | _a9780462004730 | ||
| 040 |
_aFISKH _beng _cFISKH _dFISKH |
||
| 050 | _aPZ7 | ||
| 082 | _a591.7 | ||
| 100 |
_aWhitehorn, Caleb _eAuthor |
||
| 245 |
_aGarden animals / _cWritten by Caleb Whitehorn |
||
| 260 |
_aLondon : _bMarshall Cavendish Limited , _c2008 |
||
| 300 |
_a16 pages : _bphotographs ; _c16 x 19 cm |
||
| 490 |
_aMy pals are here! Reading stars : _v5b |
||
| 505 | _aG | ||
| 520 | _aThe story introduces different animals that can be found in a garden and observe these animals and learns about them. It focuses on simple descriptions and helps young readers recognize common garden creatures. | ||
| 521 | 8 |
_a350
_bLexile estimate |
|
| 521 | 8 |
_aG
_bRaz-Plus |
|
| 650 |
_aGarden _vAnimals |
||
| 650 |
_aInsects _vNature |
||
| 942 |
_2ddc _cBK _n0 |
||
| 999 |
_c10137 _d10137 |
||